<?xml version="1.0" encoding="UTF-8"?>
<record
    xmlns:xsi="http://www.w3.org/2001/XMLSchema-instance"
    xsi:schemaLocation="http://www.loc.gov/MARC21/slim http://www.loc.gov/standards/marcxml/schema/MARC21slim.xsd"
    xmlns="http://www.loc.gov/MARC21/slim">

  <leader>01828nam a2200229 a 4500</leader>
  <controlfield tag="001">000000377</controlfield>
  <controlfield tag="005">20200929145332.0</controlfield>
  <controlfield tag="008">081117s1992    dr ac         000 0 spa d</controlfield>
  <datafield tag="040" ind1=" " ind2=" ">
    <subfield code="a">DO-SdBNP</subfield>
    <subfield code="b">spa</subfield>
    <subfield code="c">BNPHU</subfield>
  </datafield>
  <datafield tag="100" ind1="1" ind2=" ">
    <subfield code="a">M&#xED;nguez de Valero, Laura</subfield>
    <subfield code="9">1250</subfield>
  </datafield>
  <datafield tag="245" ind1="1" ind2="0">
    <subfield code="a">Matem&#xE1;tica :</subfield>
    <subfield code="b">educaci&#xF3;n primaria. /</subfield>
    <subfield code="c">Laura M&#xED;nguez de Valero, Argentina Bejar&#xE1;n Rodr&#xED;guez, Iris Cristina S&#xE1;nchez ; ilustraciones Liliana P&#xE9;rez de Lantigua.</subfield>
  </datafield>
  <datafield tag="250" ind1=" " ind2=" ">
    <subfield code="a">3a. ed.</subfield>
  </datafield>
  <datafield tag="260" ind1=" " ind2=" ">
    <subfield code="a">Santo Domingo, :</subfield>
    <subfield code="b">Disesa,</subfield>
    <subfield code="c">1992.</subfield>
  </datafield>
  <datafield tag="300" ind1=" " ind2=" ">
    <subfield code="a">v. :</subfield>
    <subfield code="b">il., retrs. ;</subfield>
    <subfield code="c">27 cm.</subfield>
  </datafield>
  <datafield tag="500" ind1=" " ind2=" ">
    <subfield code="a">Educaci&#xF3;n primaria.</subfield>
  </datafield>
  <datafield tag="500" ind1=" " ind2=" ">
    <subfield code="a">La biblioteca solamente posee el volumen 2</subfield>
  </datafield>
  <datafield tag="500" ind1=" " ind2=" ">
    <subfield code="a">El contenido de este libro ha sido aprobado como texto b&#xE1;sico, mediante oficio No. 811 de fecha 16-2-90, de la Secretar&#xED;a de Estado de Educaci&#xF3;n Bellas</subfield>
  </datafield>
  <datafield tag="505" ind1="0" ind2=" ">
    <subfield code="a">v. 2 :</subfield>
    <subfield code="t">Los conjuntos --</subfield>
    <subfield code="t">Los n&#xFA;meros hasta el 9 --</subfield>
    <subfield code="t">Uni&#xF3;n de conjuntos --</subfield>
    <subfield code="t">Adiciones --</subfield>
    <subfield code="t">Sustraciones --</subfield>
    <subfield code="t">El n&#xFA;mero 10. La decena --</subfield>
    <subfield code="t">Los n&#xFA;meros hasta el 99 --</subfield>
    <subfield code="t">Suma y resta de los n&#xFA;meros hasta el 99 --</subfield>
    <subfield code="t">Los n&#xFA;meros ordinales --</subfield>
    <subfield code="t">Los n&#xFA;meros romanos --</subfield>
    <subfield code="t">El n&#xFA;mero 100. La centena --</subfield>
    <subfield code="t">Los n&#xFA;meros hasta el 109 --</subfield>
    <subfield code="t">Los n&#xFA;meros hasta el 199 --</subfield>
    <subfield code="t">Los n&#xFA;meros hasta el 499 --</subfield>
    <subfield code="t">Sumemos hasta el 499 --</subfield>
    <subfield code="t">Resta de lso n&#xFA;meros hasta el 499 --</subfield>
    <subfield code="t">Los n&#xFA;meros desde el 500 hassta el 999 --</subfield>
    <subfield code="t">El n&#xFA;mero 1000. El millar --</subfield>
    <subfield code="t">Suma de los n&#xFA;meros hasta el 1000 --</subfield>
    <subfield code="t">Resta de los n&#xFA;meros hasta el 1000 --</subfield>
    <subfield code="t">Conjuntos equivalentes --</subfield>
    <subfield code="t">Iniciaci&#xF3;n a la multiplicaci&#xF3;n --</subfield>
    <subfield code="t">Iniciaci&#xF3;n a la divisi&#xF3;n --</subfield>
    <subfield code="t">Fracciones --</subfield>
    <subfield code="t">Figuras geom&#xE9;tricas elementales --</subfield>
    <subfield code="t">El tiempo --</subfield>
    <subfield code="t">Monedas nacionales --</subfield>
    <subfield code="t">Medidas de longitud --</subfield>
    <subfield code="t">Medidas de capacidad --</subfield>
    <subfield code="t">Medidas de peso --</subfield>
  </datafield>
  <datafield tag="700" ind1="1" ind2=" ">
    <subfield code="a">Bejar&#xE1;n Rodr&#xED;guez, Argentina</subfield>
    <subfield code="9">1252</subfield>
  </datafield>
  <datafield tag="700" ind1="1" ind2=" ">
    <subfield code="a">S&#xE1;nchez, Iris Cristina</subfield>
    <subfield code="9">1253</subfield>
  </datafield>
  <datafield tag="700" ind1="1" ind2=" ">
    <subfield code="a">P&#xE9;rez de Lantigua, Liliana</subfield>
    <subfield code="e">il.</subfield>
    <subfield code="9">1254</subfield>
  </datafield>
  <datafield tag="952" ind1=" " ind2=" ">
    <subfield code="0">0</subfield>
    <subfield code="1">0</subfield>
    <subfield code="7">2</subfield>
    <subfield code="8">PD</subfield>
    <subfield code="a">BNPHU</subfield>
    <subfield code="b">BNPHU</subfield>
    <subfield code="c">HD</subfield>
    <subfield code="d">2009-07-24</subfield>
    <subfield code="i">LF1</subfield>
    <subfield code="l">0</subfield>
    <subfield code="o"> </subfield>
    <subfield code="p">377-10</subfield>
    <subfield code="r">2020-06-25</subfield>
    <subfield code="w">2020-06-25</subfield>
    <subfield code="y">LF1</subfield>
    <subfield code="Z">No se presta</subfield>
  </datafield>
  <datafield tag="999" ind1=" " ind2=" ">
    <subfield code="c">376</subfield>
    <subfield code="d">376</subfield>
  </datafield>
</record>
